000 00422nam a2200169Ia 4500
001 6568
003 IN-NITTTR
005 20251114233020.0
008 251113s9999||||xx |||||||||||||| ||eng||
040 _beng
040 _cIN-NITTTR
041 _aeng
082 _a025.32 A35A
100 _aAmerican Library Association.,
245 0 _aAnglo-American cataloguing rules /
_cAmerican Library Association.
942 _2ddc
_cBK
999 _c9206
_d9206